The Behaviour and Design of Steel Structures to EC3 / (Record no. 7979)
[ view plain ]
| 000 -LEADER | |
|---|---|
| fixed length control field | 00924nac a22002655a 4500 |
| 008 - FIXED-LENGTH DATA ELEMENTS--GENERAL INFORMATION | |
| fixed length control field | 090303t2008 nyua fr|||| 001 0 eng d |
| 010 ## - LIBRARY OF CONGRESS CONTROL NUMBER | |
| LC control number | 2007016421 |
| 020 ## - INTERNATIONAL STANDARD BOOK NUMBER | |
| International Standard Book Number | 0415418666 (pbk) |
| 020 ## - INTERNATIONAL STANDARD BOOK NUMBER | |
| International Standard Book Number | 9780415418669 (pbk) |
| 040 ## - CATALOGING SOURCE | |
| Original cataloging agency | EG-ScBUE |
| Language of cataloging | eng |
| Transcribing agency | EG-ScBUE |
| 082 04 - DEWEY DECIMAL CLASSIFICATION NUMBER | |
| Classification number | 624.1821 |
| Item number | TRA |
| Edition number | 22 |
| 100 1# - MAIN ENTRY--PERSONAL NAME | |
| Personal name | Trahair, N.S. |
| 9 (RLIN) | 23285 |
| 245 14 - TITLE STATEMENT | |
| Title | The Behaviour and Design of Steel Structures to EC3 / |
| Statement of responsibility, etc | N.S. Trahair ... [et al.]. |
| 250 ## - EDITION STATEMENT | |
| Edition statement | 4th ed. |
| 260 ## - PUBLICATION, DISTRIBUTION, ETC. (IMPRINT) | |
| Place of publication, distribution, etc | New York : |
| Name of publisher, distributor, etc | Taylor & Francis, |
| Date of publication, distribution, etc | c.2008. |
| 300 ## - PHYSICAL DESCRIPTION | |
| Extent | xxii, 490 p. : |
| Other physical details | ill. ; |
| Dimensions | 24 cm. |
| 500 ## - GENERAL NOTE | |
| General note | Index : p. 487-490. |
| 504 ## - BIBLIOGRAPHY, ETC. NOTE | |
| Bibliography, etc | Bibliography : p. 485-486. |
| 590 ## - LOCAL NOTE (RLIN) | |
| Local note | catalogued by: Mostafa El-Helaly |
| 650 #0 - SUBJECT ADDED ENTRY--TOPICAL TERM | |
| Topical term or geographic name as entry element | Building, Iron and steel. |
| 9 (RLIN) | 23286 |
| Source of heading or term | BUEsh |
| 651 ## - SUBJECT ADDED ENTRY--GEOGRAPHIC NAME | |
| Source of heading or term | BUEsh |
| 653 ## - INDEX TERM--UNCONTROLLED | |
| Arrived date list | August2015 |
| 856 41 - ELECTRONIC LOCATION AND ACCESS | |
| Materials specified | Table of contents only |
| Uniform Resource Identifier | <a href="http://www.loc.gov/catdir/toc/ecip0716/2007016421.html">http://www.loc.gov/catdir/toc/ecip0716/2007016421.html</a> |
| 942 ## - ADDED ENTRY ELEMENTS (KOHA) | |
| Item type | Book - Borrowing |
| Call number prefix | 624.1821TRA |
| Source of classification or shelving scheme | Dewey Decimal Classification |
| Withdrawn status | Item status | Source of classification or shelving scheme | Damaged status | Not for loan | Home library | Current library | Shelving location | Date acquired | Source of acquisition | Total Checkouts | Total Renewals | Full call number | Barcode | Date last seen | Date last borrowed | Koha item type | Vendor | Cost, normal purchase price |
|---|---|---|---|---|---|---|---|---|---|---|---|---|---|---|---|---|---|---|
| Dewey Decimal Classification | Central Library | Central Library | First floor | 08/02/2014 | Purchase | 3 | 1 | 624.1821 TRA | 000009590 | 15/07/2025 | 06/01/2015 | Book - Borrowing | ||||||
| Dewey Decimal Classification | Central Library | Central Library | First floor | 08/02/2014 | Purchase | 2 | 32 | 624.1821 TRA | 000009593 | 15/07/2025 | 16/01/2017 | Book - Borrowing | ||||||
| Dewey Decimal Classification | Central Library | Central Library | First floor | 03/03/2009 | 2 | 5 | 624.1821 TRA | 000015328 | 15/07/2025 | 09/04/2019 | Book - Borrowing | Baccah | ||||||
| Dewey Decimal Classification | Central Library | Central Library | First floor | 03/03/2009 | 2 | 11 | 624.1821 TRA | 000015330 | 15/07/2025 | 09/02/2012 | Book - Borrowing | Baccah | ||||||
| Dewey Decimal Classification | Central Library | Central Library | First floor | 03/03/2009 | 1 | 624.1821 TRA | 000015329 | 15/07/2025 | 28/01/2014 | NB - Book (Non borrowing) | Baccah | |||||||
| Dewey Decimal Classification | Central Library | Central Library | First floor | 21/04/2011 | 624.1821 TRA | 000009583 | 15/07/2025 | NB - Book (Non borrowing) | Baccah | 240.00 | ||||||||
| Dewey Decimal Classification | Central Library | Central Library | First floor | 21/04/2011 | 1 | 20 | 624.1821 TRA | 000023372 | 15/07/2025 | 19/02/2012 | Book - Borrowing | Baccah | 240.00 | |||||
| Dewey Decimal Classification | Central Library | Central Library | First floor | 21/04/2011 | 2 | 11 | 624.1821 TRA | 000023373 | 15/07/2025 | 11/02/2013 | Book - Borrowing | Baccah | 240.00 |